Countries by Emojis - Statistics

General Stats
  • This quiz has been taken 73 times
  • The average score is 16 of 22
Answer Stats
Emojis Answer % Correct
๐Ÿ๐Ÿป๐Ÿ’๐Ÿ•๏ธ Canada
98%
๐Ÿ‘จ๐Ÿปโ€๐ŸŽจ๐Ÿฅ๐Ÿฅ–๐ŸŽก France
97%
๐Ÿฃ๐Ÿชทโ›ฉ๏ธ๐Ÿฅ‹ Japan
88%
๐Ÿจ๐Ÿ„๐Ÿผโ€โ™‚๏ธ๐Ÿชƒ๐Ÿฆ˜ Australia
87%
๐Ÿผ๐Ÿฎ๐Ÿฅข๐Ÿ‰ China
87%
๐Ÿบ๐Ÿ€๐ŸŒˆ๐Ÿฅ” Ireland
87%
๐ŸŒต๐ŸŒถ๏ธ๐Ÿซ๐ŸŒฎ Mexico
87%
๐Ÿ”๐Ÿ—ฝ๐Ÿค ๐Ÿฆ… United States
87%
๐Ÿซ’๐Ÿ›๐Ÿบ๐Ÿ‡ Greece
85%
๐Ÿ•๐Ÿช—๐Ÿ๐Ÿ›ต Italy
85%
๐ŸŽก๐Ÿ’‚๐Ÿปโ€โ™‚๏ธ๐Ÿฐโ˜•๏ธ United Kingdom
85%
๐Ÿ’ƒ๐Ÿฝ๐Ÿƒ๐Ÿชญ๐Ÿท Spain
80%
๐Ÿ‘™๐Ÿฆœโšฝ๏ธโ˜•๏ธ Brazil
77%
๐Ÿง€โ›‘๏ธโ›ฐ๏ธ๐Ÿซ Switzerland
77%
๐Ÿ…๐Ÿชท๐Ÿง˜๐Ÿพโ€โ™€๏ธ๐Ÿ› India
70%
๐Ÿช†โ„๏ธ๐Ÿ—ป๐Ÿปโ€โ„๏ธ Russia
65%
๐Ÿ•Œ๐Ÿง•๐Ÿฝ๐Ÿ•‹ ๐Ÿช Saudi Arabia
65%
โšฝ๏ธ๐Ÿท๐ŸŒŠ๐Ÿ“ Portugal
42%
๐Ÿ˜๐ŸŒบ๐Ÿ๏ธ๐Ÿน Thailand
32%
๐Ÿ•๐Ÿ“–๐Ÿช–๐Ÿชฌ Israel
30%
๐Ÿฆ“๐Ÿฆ๐Ÿฆ›๐Ÿฆ’ Madagascar
28%
๐Ÿช๐Ÿ•Œ๐Ÿชฌ๐Ÿช˜ Morocco
20%
No matching quizzes found
Score Distribution
Percent of People with Each Score
Percentile by Number Answered
Your Score History
You have not taken this quiz